| 000 | 00718pam a2200241 a 4500 | ||
|---|---|---|---|
| 001 | 581472 | ||
| 005 | 20180220073648.0 | ||
| 008 | 900227s1990 deua b 000 0 eng | ||
| 010 | _a 90034028 | ||
| 020 | _a0872071219 | ||
| 040 |
_aDLC _cDLC _dDLC |
||
| 041 | _aeng | ||
| 043 | _an-us--- | ||
| 080 | _a428.40712 DUF | ||
| 082 | 0 | 0 |
_a428.40712 DUF _220 |
| 100 | _a47 | ||
| 101 | _aEDU | ||
| 245 | 0 | 0 |
_aReading in the middle school / _cGerald G. Duffy, editor. |
| 504 | _aIncludes bibliographical references. | ||
| 906 |
_a7 _bcbc _corignew _d1 _eocip _f19 _gy-gencatlg |
||
| 942 |
_2ddc _cBK |
||
| 999 |
_c42922 _d42922 |
||